000 00270nam a2200097Ia 4500
008 220204s9999 xx 000 0 und d
082 _aNR:339.138(047)
_bREP
245 0 _aReport on marketing organisation for rubber
260 _aKottayam
_bIndian Rubber Board
942 _cBK
999 _c23415
_d23415